[Event "Mitropa Cup 26th"]
[Site "Szeged"]
[Date "2007.05.15"]
[Round "8"]
[White "Bosiocic, Marin"]
[Black "Loetscher, Roland"]
[Result "1/2-1/2"]
[WhiteElo "2484"]
[BlackElo "2386"]
[PlyCount "108"]
[EventDate "2007.05.08"]
[EventType "team-tourn"]
[EventRounds "9"]
[EventCountry "HUN"]
[Source "ChessBase"]
[SourceDate "2007.07.04"]

1. d4 Nf6 2. Nf3 e6 3. c4 c5 4. e3 d5 5. cxd5 exd5 6. Bb5+ Nc6 7. O-O a6 8.
Bxc6+ bxc6 9. dxc5 Bxc5 10. Qc2 Qd6 11. Nbd2 O-O 12. b3 Bd7 13. Bb2 Ba3 14.
Bxa3 Qxa3 15. Rac1 Rfb8 16. Nd4 a5 17. Qc5 Qxc5 18. Rxc5 Rb6 19. Rfc1 Raa6 20.
R5c2 Ne8 21. N2f3 f6 22. Ne1 Nd6 23. Nd3 Bf5 24. Nxf5 Nxf5 25. Nc5 Ra8 26. Na4
Rba6 27. Rxc6 Rxc6 28. Rxc6 d4 29. exd4 Nxd4 30. Rc5 Ne6 31. Rc2 Rd8 32. g3
Rd1+ 33. Kg2 Ra1 34. Nb6 g5 35. h3 h5 36. Nc4 f5 37. Re2 Kf7 38. Re5 Kf6 39.
Rxa5 g4 40. hxg4 hxg4 41. f3 gxf3+ 42. Kxf3 Nd4+ 43. Ke3 Nc2+ 44. Kd3 Rxa2 45.
Re5 Nb4+ 46. Kc3 Nc6 47. Re3 Rf2 48. Nb6 Kg5 49. Nd5 Kg4 50. Nf6+ Kg5 51. Nd5
Kg4 52. b4 Nxb4 53. Kxb4 Rf3 54. Rxf3 Kxf3 1/2-1/2

[Event "Mitropa Cup 26th"]
[Site "Szeged"]
[Date "2007.05.15"]
[Round "8"]
[White "Brener, Ilja"]
[Black "Diermair, Andreas"]
[Result "1-0"]
[WhiteElo "2413"]
[BlackElo "2385"]
[PlyCount "85"]
[EventDate "2007.05.08"]
[EventType "team-tourn"]
[EventRounds "9"]
[EventCountry "HUN"]
[Source "ChessBase"]
[SourceDate "2007.07.04"]

1. e4 e5 2. Nf3 Nc6 3. Bb5 a6 4. Ba4 Nf6 5. O-O Nxe4 6. Re1 Nf6 7. Nxe5 Nxe5 8.
d4 c6 9. dxe5 Nd5 10. Bb3 Nc7 11. Nd2 Be7 12. Ne4 O-O 13. Be3 Ne6 14. f4 a5 15.
f5 a4 16. Bc4 Ng5 17. Ng3 b5 18. Bd3 f6 19. Bxg5 fxg5 20. f6 Bc5+ 21. Kh1 g6
22. Ne4 Bd4 23. Nxg5 d6 24. Bxg6 Bxe5 25. Bxh7+ Kh8 26. Qh5 Ra7 27. Bg6+ Kg8
28. f7+ Kg7 29. Qh7+ Kf6 30. Ne4+ Ke7 31. Qh4+ Kd7 32. Qf2 Ra8 33. Nc5+ Kc7 34.
Nd3 Qf6 35. Qxf6 Bxf6 36. Re8 Bd7 37. Rxa8 Rxa8 38. Rf1 Bg7 39. b3 axb3 40.
axb3 Rf8 41. Nf4 Be5 42. Nh5 Be6 43. Nf6 1-0

[Event "Mitropa Cup 26th"]
[Site "Szeged"]
[Date "2007.05.15"]
[Round "8"]
[White "Caruana, Fabiano"]
[Black "Vokac, Marek"]
[Result "1/2-1/2"]
[WhiteElo "2523"]
[BlackElo "2482"]
[PlyCount "192"]
[EventDate "2007.05.08"]
[EventType "team-tourn"]
[EventRounds "9"]
[EventCountry "HUN"]
[Source "ChessBase"]
[SourceDate "2007.07.04"]

1. e4 e6 2. d4 d5 3. Nc3 Bb4 4. e5 b6 5. a3 Bf8 6. Bb5+ c6 7. Ba4 a5 8. Nce2 b5
9. Bb3 Na6 10. c3 f5 11. exf6 gxf6 12. Nf4 Qe7 13. a4 b4 14. Nf3 Qf7 15. O-O
Ne7 16. Re1 Ng6 17. c4 Be7 18. cxd5 cxd5 19. Qe2 Nxf4 20. Bxf4 Bd7 21. Bc2 Nb8
22. Bd3 O-O 23. Bb5 Re8 24. Bxd7 Nxd7 25. Qxe6 Qxe6 26. Rxe6 Rac8 27. Rae1 Kf7
28. h4 Nf8 29. Ra6 Ng6 30. Bg3 Bd8 31. Ra7+ Re7 32. Rexe7+ Nxe7 33. Bd6 Rc1+
34. Kh2 Rc2 35. b3 Ke6 36. Bc5 h5 37. Ra6+ Kf5 38. Kh3 Ng6 39. Ra7 Rxf2 40. Kg3
Rb2 41. Bd6 Rxb3 42. Rd7 Bb6 43. Bb8 Bxd4 44. Rxd5+ Be5+ 45. Bxe5 fxe5 46. Rxa5
Ra3 47. Kf2 Ra2+ 48. Ke3 Rxg2 49. Rb5 Rb2 50. Nd4+ Kg4 51. Nc6 Nxh4 52. Nxe5+
Kg3 53. Nd3 Ng2+ 54. Kd4 Rd2 55. Rxh5 Nf4 56. Rb5 Rxd3+ 57. Kc4 Kf3 58. Rxb4
Ke4 59. a5 Nd5 60. Ra4 Rc3+ 61. Kb5+ Ke5 62. Rh4 Nc7+ 63. Kb6 Kd6 64. Rh6+ Ne6
65. a6 Rb3+ 66. Ka5 Kc5 67. Rh5+ Kc6 68. Rh6 Rb5+ 69. Ka4 Re5 70. a7 Kb7 71.
Rh7+ Ka8 72. Kb4 Nc5 73. Kb5 Nb7+ 74. Kb6 Re6+ 75. Kb5 Kxa7 76. Rh1 Re5+ 77.
Kc4 Na5+ 78. Kd4 Nc6+ 79. Kc4 Kb6 80. Rb1+ Kc7 81. Rh1 Rg5 82. Rd1 Rh5 83. Rf1
Ne5+ 84. Kd4 Nd7 85. Rg1 Kd6 86. Rg6+ Ke7 87. Rg1 Ke6 88. Kc4 Rc5+ 89. Kd4 Rd5+
90. Ke3 Nf6 91. Rg2 Kd6 92. Rg1 Re5+ 93. Kd4 Re4+ 94. Kd3 Rf4 95. Ra1 Nd5 96.
Rh1 Rg4 1/2-1/2

[Event "Mitropa Cup 26th"]
[Site "Szeged"]
[Date "2007.05.15"]
[Round "8"]
[White "Gaehler, Marco"]
[Black "Martinovic, Sasa"]
[Result "1-0"]
[WhiteElo "2223"]
[BlackElo "2400"]
[PlyCount "89"]
[EventDate "2007.05.08"]
[EventType "team-tourn"]
[EventRounds "9"]
[EventCountry "HUN"]
[Source "ChessBase"]
[SourceDate "2007.07.04"]

1. e4 c5 2. Nf3 Nc6 3. Bb5 e6 4. O-O Nge7 5. c3 a6 6. Ba4 b5 7. Bc2 d5 8. e5 d4
9. Qe2 Bb7 10. Be4 Nd5 11. d3 Be7 12. c4 Nb6 13. Bf4 Qd7 14. Na3 b4 15. Nc2
O-O-O 16. a3 a5 17. axb4 axb4 18. Ng5 Rdf8 19. Qh5 Qe8 20. Bf3 Bxg5 21. Qxg5
Rfg8 22. Be4 h6 23. Qg3 g5 24. Bd2 Nd7 25. Bxb4 cxb4 26. Bxc6 Bxc6 27. Nxd4 Nb8
28. Ra7 Qd8 29. Qe3 Qb6 30. Nxe6 Qxa7 31. Qxa7 fxe6 32. Qe7 Re8 33. Qxb4 Rd8
34. Qc3 Rh7 35. d4 Rc7 36. Ra1 Bb7 37. Qh3 Rxd4 38. Qxe6+ Rcd7 39. h3 Nc6 40.
Qxh6 g4 41. e6 Re7 42. b4 gxh3 43. b5 h2+ 44. Kh1 Nd8 45. Qg5 1-0

[Event "Mitropa Cup 26th"]
[Site "Szeged"]
[Date "2007.05.15"]
[Round "8"]
[White "Kreisl, Robert"]
[Black "Bogner, Sebastian"]
[Result "1/2-1/2"]
[WhiteElo "2289"]
[BlackElo "2345"]
[PlyCount "50"]
[EventDate "2007.05.08"]
[EventType "team-tourn"]
[EventRounds "9"]
[EventCountry "HUN"]
[Source "ChessBase"]
[SourceDate "2007.07.04"]

1. e4 c5 2. Nf3 Nf6 3. Nc3 d6 4. d4 cxd4 5. Nxd4 a6 6. Be3 e5 7. Nb3 Be6 8. f3
Nbd7 9. g4 Be7 10. Qd2 O-O 11. O-O-O b5 12. g5 b4 13. Ne2 Ne8 14. f4 a5 15. f5
a4 16. fxe6 axb3 17. exf7+ Rxf7 18. cxb3 Rxa2 19. Ng3 Rxf1 20. Rhxf1 Ra1+ 21.
Kc2 Qc8+ 22. Kd3 Qa6+ 23. Kc2 Qc6+ 24. Kd3 Qb5+ 25. Kc2 Qc6+ 1/2-1/2

[Event "Mitropa Cup 26th"]
[Site "Szeged"]
[Date "2007.05.15"]
[Round "8"]
[White "Neubauer, Martin"]
[Black "Kraemer, Martin"]
[Result "1/2-1/2"]
[WhiteElo "2474"]
[BlackElo "2424"]
[PlyCount "38"]
[EventDate "2007.05.08"]
[EventType "team-tourn"]
[EventRounds "9"]
[EventCountry "HUN"]
[Source "ChessBase"]
[SourceDate "2007.07.04"]

1. e4 c5 2. Nf3 d6 3. d4 cxd4 4. Nxd4 Nf6 5. Nc3 Nc6 6. Bg5 e6 7. Qd2 a6 8.
O-O-O h6 9. Nxc6 bxc6 10. Bf4 d5 11. Qe3 Bb4 12. Be2 O-O 13. e5 Nd7 14. Bxh6
gxh6 15. Qxh6 Nxe5 16. Rd3 Nxd3+ 17. Bxd3 f5 18. Qg6+ Kh8 19. Qh6+ Kg8 1/2-1/2

[Event "Mitropa Cup 26th"]
[Site "Szeged"]
[Date "2007.05.15"]
[Round "8"]
[White "Petr, Martin"]
[Black "Brunello, Sabino"]
[Result "1-0"]
[WhiteElo "2443"]
[BlackElo "2454"]
[PlyCount "63"]
[EventDate "2007.05.08"]
[EventType "team-tourn"]
[EventRounds "9"]
[EventCountry "HUN"]
[Source "ChessBase"]
[SourceDate "2007.07.04"]

1. d4 Nf6 2. c4 e6 3. Nf3 b6 4. g3 Bb7 5. Bg2 Be7 6. Nc3 O-O 7. Qc2 Na6 8. O-O
d5 9. cxd5 exd5 10. Bf4 c5 11. Rfd1 Re8 12. Rac1 c4 13. Ne5 Qc8 14. b3 cxb3 15.
Qxb3 Qe6 16. Nb5 h6 17. h4 Red8 18. Nc7 Nxc7 19. Rxc7 Rab8 20. Bh3 Qxh3 21.
Rxe7 Re8 22. Rxf7 Rf8 23. Re7 Ba6 24. Qc2 Rb7 25. Rxb7 Bxb7 26. Qg6 Bc8 27.
Bxh6 Ne8 28. Rc1 Bf5 29. Qg5 Be4 30. f3 Rf5 31. Qg4 Qxg4 32. Nxg4 1-0

[Event "Mitropa Cup 26th"]
[Site "Szeged"]
[Date "2007.05.15"]
[Round "8"]
[White "Pinter, Erik"]
[Black "Sakelsek, Tadej"]
[Result "1/2-1/2"]
[WhiteElo "2394"]
[BlackElo "2487"]
[PlyCount "38"]
[EventDate "2007.05.08"]
[EventType "team-tourn"]
[EventRounds "9"]
[EventCountry "HUN"]
[Source "ChessBase"]
[SourceDate "2007.07.04"]

1. e4 e5 2. Nf3 Nc6 3. Bb5 a6 4. Ba4 Nf6 5. O-O b5 6. Bb3 Bc5 7. a4 Rb8 8. c3
d6 9. d4 Bb6 10. axb5 axb5 11. Na3 O-O 12. Nxb5 Bg4 13. Qd3 Bxf3 14. gxf3 exd4
15. cxd4 Nxd4 16. Nxd4 Bxd4 17. Qxd4 Rxb3 18. Ra3 Rb5 19. Kh1 Qe7 1/2-1/2

[Event "Mitropa Cup 26th"]
[Site "Szeged"]
[Date "2007.05.15"]
[Round "8"]
[White "Saric, Ante"]
[Black "Jenni, Florian"]
[Result "0-1"]
[WhiteElo "2496"]
[BlackElo "2518"]
[PlyCount "72"]
[EventDate "2007.05.08"]
[EventType "team-tourn"]
[EventRounds "9"]
[EventCountry "HUN"]
[Source "ChessBase"]
[SourceDate "2007.07.04"]

1. Nf3 Nf6 2. c4 g6 3. b3 Bg7 4. Bb2 c5 5. e3 O-O 6. Be2 b6 7. O-O Bb7 8. Qc2
Nc6 9. d4 cxd4 10. Nxd4 Rc8 11. Rd1 Qc7 12. Nxc6 Qxc6 13. Bf3 Qc7 14. Bxb7 Qxb7
15. Qe2 a6 16. Nc3 d6 17. a4 Rc5 18. Rd3 Rfc8 19. Rad1 h5 20. Ba3 R5c7 21. Nd5
Nxd5 22. Rxd5 Qa8 23. e4 b5 24. cxb5 Rc2 25. R5d2 Rxd2 26. Rxd2 axb5 27. Rc2
Rb8 28. Rc7 bxa4 29. Rxe7 Bf6 30. Rc7 axb3 31. Qf3 Qa5 32. g3 Qe5 33. Rc1 b2
34. Rb1 Qd4 35. Kf1 Qc4+ 36. Kg2 Be5 0-1

[Event "Mitropa Cup 26th"]
[Site "Szeged"]
[Date "2007.05.15"]
[Round "8"]
[White "Sebenik, Matej"]
[Black "Michalik, Peter"]
[Result "1-0"]
[WhiteElo "2483"]
[BlackElo "2311"]
[PlyCount "91"]
[EventDate "2007.05.08"]
[EventType "team-tourn"]
[EventRounds "9"]
[EventCountry "HUN"]
[Source "ChessBase"]
[SourceDate "2007.07.04"]

1. Nf3 Nf6 2. c4 d6 3. d4 Nbd7 4. Nc3 e5 5. e4 c6 6. g3 Be7 7. Bg2 O-O 8. O-O
Qc7 9. h3 Re8 10. Be3 b6 11. Rc1 Bb7 12. d5 cxd5 13. Nxd5 Nxd5 14. cxd5 Qb8 15.
b4 Nf6 16. Nd2 Bc8 17. Nc4 Bd7 18. Qb3 Rc8 19. Rc2 Qb7 20. b5 Be8 21. f4 Nd7
22. Rfc1 f6 23. Nd2 Rxc2 24. Rxc2 Rc8 25. Rc6 Nc5 26. Bxc5 bxc5 27. Rxc8 Qxc8
28. Nc4 Bd7 29. h4 Qb8 30. a4 Bd8 31. fxe5 fxe5 32. Kh2 g5 33. hxg5 Bxg5 34.
Bh3 Be8 35. Qf3 Bg6 36. Bf5 Be8 37. Qg4 h6 38. Bd7 Bg6 39. Qe6+ Kg7 40. Nxd6
Qf8 41. Qxe5+ Bf6 42. Qf4 Qe7 43. Be6 Bg5 44. Qe5+ Qf6 45. Qxf6+ Kxf6 46. a5
1-0

[Event "Mitropa Cup 26th"]
[Site "Szeged"]
[Date "2007.05.15"]
[Round "8"]
[White "Smolen, Jan"]
[Black "Skoberne, Jure"]
[Result "0-1"]
[WhiteElo "2327"]
[BlackElo "2440"]
[PlyCount "64"]
[EventDate "2007.05.08"]
[EventType "team-tourn"]
[EventRounds "9"]
[EventCountry "HUN"]
[Source "ChessBase"]
[SourceDate "2007.07.04"]

1. d4 Nf6 2. c4 g6 3. Nc3 Bg7 4. e4 O-O 5. Nf3 d6 6. Be2 e5 7. Be3 exd4 8. Nxd4
Re8 9. f3 c6 10. Bf2 d5 11. exd5 cxd5 12. O-O Nc6 13. c5 Nh5 14. Qd2 Be5 15. g3
Ng7 16. Rfe1 Ne6 17. Nxe6 Bxe6 18. Bb5 Qf6 19. f4 Bxc3 20. bxc3 Bf5 21. Qxd5
Qxc3 22. Qb3 Qf6 23. Bf1 Nd4 24. Qxb7 Reb8 25. Qd5 Nc2 26. Bg2 Rd8 27. Qc6 Be6
28. Rac1 Nxe1 29. Rxe1 Rab8 30. Qa6 Rd2 31. Rf1 Rbb2 32. f5 Qxf5 0-1

[Event "Mitropa Cup 26th"]
[Site "Szeged"]
[Date "2007.05.15"]
[Round "8"]
[White "Wirig, Anthony"]
[Black "Ruck, Robert"]
[Result "1/2-1/2"]
[WhiteElo "2443"]
[BlackElo "2534"]
[PlyCount "33"]
[EventDate "2007.05.08"]
[EventType "team-tourn"]
[EventRounds "9"]
[EventCountry "HUN"]
[Source "ChessBase"]
[SourceDate "2007.07.04"]

1. d4 Nf6 2. Nf3 g6 3. c4 Bg7 4. g3 d5 5. cxd5 Nxd5 6. Bg2 Nb6 7. Nc3 Nc6 8. e3
O-O 9. O-O Re8 10. d5 Na5 11. Nd4 Bd7 12. b3 Rc8 13. Bb2 c6 14. dxc6 Nxc6 15.
Nxc6 Bxc6 16. Rc1 Bxg2 17. Kxg2 1/2-1/2

[Event "Mitropa Cup 26th"]
[Site "Szeged"]
[Date "2007.05.16"]
[Round "9"]
[White "Bosiocic, Marin"]
[Black "Neubauer, Martin"]
[Result "1-0"]
[WhiteElo "2484"]
[BlackElo "2474"]
[PlyCount "105"]
[EventDate "2007.05.08"]
[EventType "team-tourn"]
[EventRounds "9"]
[EventCountry "HUN"]
[Source "ChessBase"]
[SourceDate "2007.07.04"]

1. e4 e6 2. d4 d5 3. Nc3 Nf6 4. Bg5 dxe4 5. Nxe4 Nbd7 6. Nxf6+ Nxf6 7. Nf3 h6
8. Be3 Nd5 9. Bd3 Bd6 10. Qd2 Bd7 11. Ne5 Bxe5 12. dxe5 Bc6 13. O-O-O Qe7 14.
a3 a6 15. f4 O-O-O 16. Qf2 Nxe3 17. Qxe3 Kb8 18. Rd2 Rd7 19. Rhd1 Rhd8 20. g3
h5 21. h4 g6 22. Be2 Rxd2 23. Rxd2 Rxd2 24. Kxd2 Qd7+ 25. Qd3 Kc8 26. Qxd7+
Kxd7 27. b4 Bb5 28. c4 Ba4 29. Kc3 b6 30. c5 Bb5 31. cxb6 cxb6 32. Bd1 Bf1 33.
Kd4 Kc6 34. g4 hxg4 35. Bxg4 Kb5 36. Kc3 Ka4 37. Kb2 Bd3 38. Bd1+ Kb5 39. Kc3
Be4 40. a4+ Kc6 41. Kd4 Bf5 42. Bf3+ Kc7 43. a5 Bc2 44. Kc3 Bf5 45. Bd1 Kc6 46.
Ba4+ Kc7 47. Kd4 Kb7 48. Be8 Kc7 49. Bxf7 bxa5 50. bxa5 Kd7 51. h5 gxh5 52.
Bxh5 Kc6 53. Be2 1-0

[Event "Mitropa Cup 26th"]
[Site "Szeged"]
[Date "2007.05.16"]
[Round "9"]
[White "Diermair, Andreas"]
[Black "Doric, Darko"]
[Result "0-1"]
[WhiteElo "2385"]
[BlackElo "2482"]
[PlyCount "60"]
[EventDate "2007.05.08"]
[EventType "team-tourn"]
[EventRounds "9"]
[EventCountry "HUN"]
[Source "ChessBase"]
[SourceDate "2007.07.04"]

1. e4 c5 2. Nf3 d6 3. d4 cxd4 4. Nxd4 Nf6 5. Nc3 a6 6. Be3 e6 7. g4 e5 8. Nf5
h5 9. Qd2 hxg4 10. O-O-O Bxf5 11. exf5 Nbd7 12. Bg2 Qc7 13. Qe2 Rc8 14. Kb1 b5
15. Rd2 Be7 16. Nd5 Nxd5 17. Bxd5 Nf6 18. Bg2 Qd7 19. f3 Qxf5 20. fxg4 Qxg4 21.
Bf3 Qc4 22. Qg2 e4 23. Be2 Qe6 24. Qxg7 Rg8 25. Qh6 Rg6 26. Qh8+ Kd7 27. Qh4
Nd5 28. Qf2 Nxe3 29. Qxe3 Bg5 30. Qa7+ Rc7 0-1

[Event "Mitropa Cup 26th"]
[Site "Szeged"]
[Date "2007.05.16"]
[Round "9"]
[White "Godena, Michele"]
[Black "Borisek, Jure"]
[Result "1/2-1/2"]
[WhiteElo "2558"]
[BlackElo "2519"]
[PlyCount "37"]
[EventDate "2007.05.08"]
[EventType "team-tourn"]
[EventRounds "9"]
[EventCountry "HUN"]
[Source "ChessBase"]
[SourceDate "2007.07.04"]

1. e4 e5 2. Nf3 Nc6 3. Nc3 Nf6 4. d4 exd4 5. Nxd4 Bb4 6. Nxc6 bxc6 7. Bd3 O-O
8. O-O d5 9. exd5 cxd5 10. Bg5 c6 11. Ne2 Re8 12. c3 Bd6 13. Kh1 Rb8 14. b3 Bc7
15. f3 c5 16. Qc2 h6 17. Bh4 Qd6 18. Bg3 Qc6 19. Qd2 1/2-1/2

[Event "Mitropa Cup 26th"]
[Site "Szeged"]
[Date "2007.05.16"]
[Round "9"]
[White "Jenni, Florian"]
[Black "Bernasek, Jan"]
[Result "1-0"]
[WhiteElo "2518"]
[BlackElo "2509"]
[PlyCount "81"]
[EventDate "2007.05.08"]
[EventType "team-tourn"]
[EventRounds "9"]
[EventCountry "HUN"]
[Source "ChessBase"]
[SourceDate "2007.07.04"]

1. e4 c5 2. Nf3 Nc6 3. Bb5 g6 4. O-O Bg7 5. Re1 Nd4 6. Bc4 d6 7. c3 Nxf3+ 8.
Qxf3 e6 9. d3 Ne7 10. Bg5 O-O 11. Nd2 f6 12. Bf4 Kh8 13. d4 f5 14. exf5 cxd4
15. f6 Rxf6 16. Qg3 Nf5 17. Qd3 Qb6 18. Bb3 e5 19. Nc4 Qa6 20. Bg5 Rf8 21. cxd4
Nxd4 22. Be7 Bf5 23. Qe3 Rfd8 24. Bxd8 Rxd8 25. Rad1 b5 26. Rxd4 exd4 27. Qe7
Rf8 28. Nxd6 h5 29. Ne8 Rxe8 30. Qxe8+ Kh7 31. h3 Qd6 32. Be6 Bc2 33. Bb3 Bf5
34. Qxb5 d3 35. Rd1 Bd4 36. Qb7+ Kh6 37. Qf3 Qe5 38. Bc4 Be4 39. Qf8+ Kg5 40.
Bxd3 Bxd3 41. Rxd3 1-0

[Event "Mitropa Cup 26th"]
[Site "Szeged"]
[Date "2007.05.16"]
[Round "9"]
[White "Martinovic, Sasa"]
[Black "Kreisl, Robert"]
[Result "1/2-1/2"]
[WhiteElo "2400"]
[BlackElo "2289"]
[PlyCount "105"]
[EventDate "2007.05.08"]
[EventType "team-tourn"]
[EventRounds "9"]
[EventCountry "HUN"]
[Source "ChessBase"]
[SourceDate "2007.07.04"]

1. d4 d5 2. c4 c6 3. Nc3 Nf6 4. e3 Bf5 5. cxd5 cxd5 6. Qb3 Bc8 7. Bb5+ Nc6 8.
e4 e6 9. e5 Nd7 10. Nf3 Be7 11. O-O O-O 12. Be3 f6 13. exf6 Bxf6 14. Rad1 Kh8
15. a3 Nb6 16. Bd3 Bd7 17. Qc2 Be8 18. Bxh7 Bh5 19. Ne2 Bxf3 20. gxf3 Bg5 21.
f4 Bh6 22. Bd3 Qh4 23. f3 Qh3 24. Qd2 Rf6 25. Qe1 Raf8 26. Qg3 Qh5 27. Qg4 Qf7
28. Qh3 Ne7 29. Bf2 Nf5 30. Kh1 Nc4 31. Bxc4 dxc4 32. Rg1 Kg8 33. Rg4 b5 34.
Rdg1 a5 35. Nc3 Nd6 36. Be3 Qb7 37. Qg2 b4 38. axb4 axb4 39. Ne4 Nxe4 40. fxe4
c3 41. bxc3 bxc3 42. Rg3 R8f7 43. Bc1 Bxf4 44. Rxc3 Bxc1 45. Rgxc1 Rf2 46. Rc8+
Rf8 47. Rxf8+ Rxf8 48. Rd1 Qb3 49. Qe2 Rf2 50. Qg4 Rf4 51. Qh5 Rh4 52. Qe2 Rxe4
53. Qxe4 1/2-1/2

[Event "Mitropa Cup 26th"]
[Site "Szeged"]
[Date "2007.05.16"]
[Round "9"]
[White "Meier, Georg"]
[Black "Hoang, Thanh Trang"]
[Result "1-0"]
[WhiteElo "2506"]
[BlackElo "2472"]
[PlyCount "135"]
[EventDate "2007.05.08"]
[EventType "team-tourn"]
[EventRounds "9"]
[EventCountry "HUN"]
[Source "ChessBase"]
[SourceDate "2007.07.04"]

1. e4 b6 2. d4 Bb7 3. Bd3 Nf6 4. Qe2 Nc6 5. c3 e5 6. d5 Ne7 7. Nf3 Ng6 8. g3 c6
9. c4 Bc5 10. Be3 Bxe3 11. Qxe3 Qe7 12. Nc3 O-O 13. Nd2 Ba6 14. f3 Rac8 15. a3
cxd5 16. cxd5 Bxd3 17. Qxd3 Ne8 18. Nc4 Qc5 19. Ne3 Nd6 20. Rc1 Ne7 21. Ne2
Qa5+ 22. Kf2 Rxc1 23. Rxc1 f5 24. exf5 Nexf5 25. Nxf5 Rxf5 26. Kg2 Qa4 27. Nc3
Qb3 28. Qc2 Qxc2+ 29. Rxc2 Rf8 30. Ne4 Rc8 31. Rxc8+ Nxc8 32. Kf2 Kf7 33. Ke3
Ke7 34. f4 exf4+ 35. Kxf4 b5 36. Ke5 d6+ 37. Kd4 Nb6 38. b3 Nd7 39. Ng5 Ne5 40.
h3 h6 41. Ne6 Nf3+ 42. Ke3 Ng5 43. Nxg7 Kf6 44. Ne8+ Ke5 45. Nc7 Nxh3 46. Nxb5
Kxd5 47. Nxa7 Ng5 48. Nb5 Ne4 49. g4 Nf6 50. Kf4 Kc5 51. Nc7 d5 52. Ne6+ Kd6
53. Ng7 Kd7 54. Nf5 h5 55. gxh5 Nxh5+ 56. Ke5 Kc6 57. a4 Kc5 58. a5 Kb5 59. b4
Ka6 60. Nd4 Ng3 61. Kxd5 Nf1 62. Kc6 Ne3 63. b5+ Kxa5 64. b6 Ka6 65. Ne6 Nc4
66. Nc5+ Ka5 67. b7 Ne5+ 68. Kd6 1-0

[Event "Mitropa Cup 26th"]
[Site "Szeged"]
[Date "2007.05.16"]
[Round "9"]
[White "Priborsky, Ivo"]
[Black "Gaehler, Marco"]
[Result "0-1"]
[WhiteElo "2370"]
[BlackElo "2223"]
[PlyCount "142"]
[EventDate "2007.05.08"]
[EventType "team-tourn"]
[EventRounds "9"]
[EventCountry "HUN"]
[Source "ChessBase"]
[SourceDate "2007.07.04"]

1. c4 e5 2. Nc3 Nc6 3. g3 g6 4. Bg2 Bg7 5. d3 d6 6. e4 h5 7. h4 Bg4 8. f3 Be6
9. Nge2 f5 10. Bg5 Qd7 11. Nd5 Nd8 12. Qd2 Nf7 13. Be3 fxe4 14. dxe4 Ne7 15.
O-O O-O 16. Rad1 b6 17. Nec3 Nc6 18. Nb5 Rac8 19. b4 a6 20. Nbc3 Rb8 21. Ne2
Ncd8 22. c5 bxc5 23. bxc5 Rb5 24. Nec3 Ra5 25. Qb2 Nc6 26. Qb7 Nfd8 27. Qxc7
Qxc7 28. Nxc7 dxc5 29. Rd6 Bc4 30. Rf2 Ra3 31. N7d5 Nd4 32. Rxg6 N8e6 33. Bc1
Ra5 34. g4 Kh7 35. gxh5 Nf4 36. Nxf4 exf4 37. Bd2 Ra3 38. Rg4 Be6 39. Rg5 Rc8
40. Kh2 Bf6 41. Bh3 Bxg5 42. hxg5 Re8 43. g6+ Kh6 44. Bxe6 Nxe6 45. Nd5 Rf8 46.
Nxf4 Nxf4 47. Kg3 Kxh5 48. Bxf4 Kxg6 49. Bd6 Rc8 50. Kg4 Rd3 51. Be5 c4 52. f4
c3 53. f5+ Kf7 54. Rc2 a5 55. a3 a4 56. Kf4 Rc4 57. Bh8 Rh3 58. Be5 Ke7 59. Bg7
Rh4+ 60. Kf3 Rhxe4 61. Rxc3 Rxc3+ 62. Bxc3 Rc4 63. Be5 Rc2 64. Ke4 Ra2 65. Kd5
Kd7 66. Kc4 Rxa3 67. Kb4 Re3 68. Bg7 a3 69. f6 Ke6 70. f7 Kxf7 71. Bh8 a2 0-1

[Event "Mitropa Cup 26th"]
[Site "Szeged"]
[Date "2007.05.16"]
[Round "9"]
[White "Ruck, Robert"]
[Black "Naumann, Alexander"]
[Result "1/2-1/2"]
[WhiteElo "2534"]
[BlackElo "2543"]
[PlyCount "67"]
[EventDate "2007.05.08"]
[EventType "team-tourn"]
[EventRounds "9"]
[EventCountry "HUN"]
[Source "ChessBase"]
[SourceDate "2007.07.04"]

1. Nf3 d5 2. d4 Nf6 3. c4 c6 4. Nc3 dxc4 5. a4 Bf5 6. Ne5 e6 7. f3 c5 8. e4 Bg6
9. Be3 cxd4 10. Qxd4 Qxd4 11. Bxd4 Nfd7 12. Nxd7 Nxd7 13. Bxc4 a6 14. Ke2 Rc8
15. Ba2 Rg8 16. Rac1 Bc5 17. Bxc5 Rxc5 18. b4 Rc8 19. Nd5 Rxc1 20. Rxc1 Kd8 21.
Nf4 Ne5 22. h4 h6 23. Ke3 Kd7 24. a5 Bh7 25. Bb3 Kd6 26. h5 Rb8 27. Rd1+ Ke7
28. Nd3 Nxd3 29. Rxd3 Rc8 30. Ba4 Rc7 31. Kd4 f6 32. Rc3 Rxc3 33. Kxc3 Bg8 34.
Kd4 1/2-1/2

[Event "Mitropa Cup 26th"]
[Site "Szeged"]
[Date "2007.05.16"]
[Round "9"]
[White "Sakelsek, Tadej"]
[Black "Caruana, Fabiano"]
[Result "1/2-1/2"]
[WhiteElo "2487"]
[BlackElo "2523"]
[PlyCount "80"]
[EventDate "2007.05.08"]
[EventType "team-tourn"]
[EventRounds "9"]
[EventCountry "HUN"]
[Source "ChessBase"]
[SourceDate "2007.07.04"]

1. e4 c5 2. Nf3 e6 3. d4 cxd4 4. Nxd4 a6 5. Bd3 Nf6 6. O-O Qc7 7. Qe2 d6 8. c4
g6 9. Nc3 Bg7 10. Rd1 O-O 11. Nf3 Nc6 12. h3 Nd7 13. Bf4 Bxc3 14. bxc3 f6 15.
Qe3 e5 16. Bh6 Re8 17. Be2 Nc5 18. Nh2 Nd8 19. Qf3 Nf7 20. Bc1 Kg7 21. Ng4 Bxg4
22. Qxg4 Na4 23. Qf3 Qa5 24. Bd2 Rac8 25. Rab1 Re7 26. Qd3 Nc5 27. Qc2 Qa4 28.
Qxa4 Nxa4 29. Rb4 Nc5 30. f3 Rc6 31. Be3 Kf8 32. Rdb1 Nd8 33. g3 Ke8 34. Kf2
Kd7 35. h4 h5 36. Bf1 Ke8 37. Ke2 Rec7 38. Kd2 Ke7 39. Bh3 Nd7 40. Bf1 Nc5
1/2-1/2

[Event "Mitropa Cup 26th"]
[Site "Szeged"]
[Date "2007.05.16"]
[Round "9"]
[White "Simacek, Pavel"]
[Black "Kurmann, Oliver"]
[Result "1-0"]
[WhiteElo "2495"]
[BlackElo "2433"]
[PlyCount "139"]
[EventDate "2007.05.08"]
[EventType "team-tourn"]
[EventRounds "9"]
[EventCountry "HUN"]
[Source "ChessBase"]
[SourceDate "2007.07.04"]

1. e4 e6 2. d3 d5 3. Nd2 Nf6 4. Ngf3 Nc6 5. c3 a5 6. Be2 e5 7. O-O Bd6 8. b3
O-O 9. a3 Re8 10. Rb1 Ne7 11. b4 Ng6 12. c4 dxe4 13. Nxe4 Nxe4 14. dxe4 axb4
15. axb4 c5 16. Be3 Qe7 17. Qc2 Nf4 18. Rfc1 b6 19. Bf1 Ne6 20. bxc5 bxc5 21.
Ne1 Nd4 22. Qd1 Bb7 23. f3 Bc6 24. Ra1 h6 25. Nd3 f6 26. Bf2 Qd7 27. Rxa8 Rxa8
28. Bxd4 exd4 29. Ra1 Rxa1 30. Qxa1 Qc7 31. g3 f5 32. Qe1 fxe4 33. fxe4 Qf7 34.
Nf2 Qe6 35. Qe2 Be7 36. Bh3 Qe5 37. Bf5 Bg5 38. Nd3 Qe7 39. Qg4 Qb7 40. Kg2 Qe7
41. h4 Be3 42. Qg6 Be8 43. Be6+ Kh8 44. Qf5 g6 45. Qe5+ Qg7 46. Qb8 Qe7 47.
Nxc5 Kh7 48. Qe5 Qg7 49. Qd6 Qf6 50. Bg8+ Kg7 51. Qxf6+ Kxf6 52. Bd5 g5 53.
hxg5+ hxg5 54. Kf3 Bh5+ 55. g4 Be8 56. Nd3 Ba4 57. e5+ Ke7 58. Ke2 Bd7 59. e6
Ba4 60. Nc5 Be8 61. Kf3 Kd6 62. Nd3 Bg6 63. Be4 Be8 64. Bf5 Bc6+ 65. Ke2 Be8
66. Nb4 Kc5 67. Nd5 Kxc4 68. Nf6 Ba4 69. e7 Bf4 70. Nd7 1-0